| 000 | 00465nam a22001697a 4500 | ||
|---|---|---|---|
| 005 | 20230706152707.0 | ||
| 008 | 230706b |||||||| |||| 00| 0 eng d | ||
| 020 | _a9780789562784 | ||
| 082 |
_a005.369 _bCAS-M |
||
| 100 | _aCashman:Shelly | ||
| 245 |
_aMicrosoft EXCEL 2002 _bComplete Concepts and technique |
||
| 260 |
_aAmerica _bCourse Technology _c2002 |
||
| 500 | _aInclude appendix A,B,C,D | ||
| 650 | _aComputer | ||
| 700 | _aShelly Cashman | ||
| 999 |
_c18886 _d18886 |
||